Представление документа в формате RUSMARC

ПолеНазваниеЗначение
  Тип записи a
  Библиографический уровень m
001 Контрольный номер LIBNET\0001544808
005 Дата корректировки 20260701115539.1
010 Индекс ISBN __
a ISBN 978-5-227-11160-9
b Уточнения в пер.
100 Данные общей обработки __
a Данные общей обработки 20260526d2025 u y0rusy0189 ca
101 Язык документа 0_
a Язык текста rus
102 Страна публикации __
a Страна публикации RU
105 Кодированные данные (монография) __
a Кодированные данные (монография) y z 001yy
200 Заглавие и сведения об ответственности 1_
a Заглавие За столом с Ниро Вульфом, или Секреты кухни великого сыщика
e Сведения, относящиеся к заглавию кулинарный детектив
f Первые сведения об ответственности Илья Лазерсон, Сергей Синельников, Татьяна Соломоник
203 Вид содержания и тип средства __
a Вид содержания Текст
b Характеристика содержания визуальный
c Тип средства непосредственный
210 Выходные данные 1_
a Место издания Москва
c Издательство Центрполиграф
d Дата издания 2025
215 Физическое описание __
a Объем 573, [1] с.
d Формат 21 см
320 Библиография __
a Библиография Алф. указ.: с. 558-563
333 Примечание о целевом назначении __
a Примечание о целевом назначении 16+
517 Другие варианты заглавия 1_
a Другие варианты заглавия Секреты кухни великого сыщика
606 Тематические рубрики 1_
a Основная рубрика Кулинария американская
x Основная подрубрика Рецептура
606 Тематические рубрики 1_
a Основная рубрика Американская литература
x Основная подрубрика Рецепты блюд
z Хронологическая подрубрика 20 в.
610 Ключевые слова 0_
a Ключевые слова кулинария американская; рецепты блюд в американской литературе
686 Индексы других классификаций __
a Классификационный индекс 36.997(7США)
2 Код системы rubbk
686 Индексы других классификаций __
a Классификационный индекс 83.3(7США)
2 Код системы rubbk
700 Автор _1
a Фамилия Лазерсон
b Имя (инициалы) И. И.
f Даты 1964-
g Полное личное имя Илья Исаакович
701 Альтернативная интеллектуальная ответственность _1
a Фамилия Синельников
b Имя (инициалы) С. М.
g Полное личное имя Сергей Маркович
701 Альтернативная интеллектуальная ответственность _1
a Фамилия Соломоник
b Имя (инициалы) Т. Г.
g Полное личное имя Татьяна Григорьевна
801 Источник записи _0
a Страна RU
b Организация Пермская ГОУБ
c Дата составления 20260423
g Правила каталогизации rcr
801 Источник записи _1
a Страна RU
b Организация Пермская ГОУБ
c Дата составления 20260423
2 Код формата rusmarc
801 Источник записи _2
a Страна RU
b Организация Ульяновская ОНБ
c Дата составления 20260526
g Правила каталогизации RCR
900 Электронные ресурсы __
a Имя электронного ресурса цп20260144
900 Электронные ресурсы __
a Имя электронного ресурса цп20260145
901 Тип документа __
t Тип документа m
909 Создатель записи __
a Создатель записи Егорова Э. А.
b Дата создания записи 20260526
910 Корректоры записи __
a Корректор записи Пряхина
b Дата внесения изменения в запись 20260701